The Bloomsbury research handbook of Indian aesthetics and the philosophy of art / (Record no. 1715235)
[ view plain ]
| 000 -LEADER | |
|---|---|
| fixed length control field | 01055cam a2200289 i 4500 |
| 001 - CONTROL NUMBER | |
| control field | 23979683 |
| 003 - CONTROL NUMBER IDENTIFIER | |
| control field | OSt |
| 005 - DATE AND TIME OF LATEST TRANSACTION | |
| control field | 20260312124750.0 |
| 008 - FIXED-LENGTH DATA ELEMENTS--GENERAL INFORMATION | |
| fixed length control field | 240826s2016 enk of 001 0 eng |
| 020 ## - INTERNATIONAL STANDARD BOOK NUMBER | |
| International Standard Book Number | 9781472524300 |
| Qualifying information | ePDF |
| 020 ## - INTERNATIONAL STANDARD BOOK NUMBER | |
| International Standard Book Number | 9781472525970 |
| Qualifying information | ePub |
| 020 ## - INTERNATIONAL STANDARD BOOK NUMBER | |
| Canceled/invalid ISBN | 9781350058026 |
| 040 ## - CATALOGING SOURCE | |
| Language of cataloging | eng |
| Transcribing agency | HDL |
| 082 00 - DEWEY DECIMAL CLASSIFICATION NUMBER | |
| Classification number | 111.850954 Q8 |
| Edition number | 23 |
| 245 04 - TITLE STATEMENT | |
| Title | The Bloomsbury research handbook of Indian aesthetics and the philosophy of art / |
| Statement of responsibility, etc. | edited by Arindam Chakrabarti. |
| 264 #1 - PRODUCTION, PUBLICATION, DISTRIBUTION, MANUFACTURE, AND COPYRIGHT NOTICE | |
| Place of production, publication, distribution, manufacture | New York : |
| Name of producer, publisher, distributor, manufacturer | Bloomsbury Academic, an imprint of Bloomsbury Publishing Plc, |
| Date of production, publication, distribution, manufacture, or copyright notice | 2016. |
| 300 ## - PHYSICAL DESCRIPTION | |
| Extent | x,428p. |
| 490 0# - SERIES STATEMENT | |
| Series statement | Bloomsbury Research Handbooks in Asian Philosophy |
| 588 ## - SOURCE OF DESCRIPTION NOTE | |
| Source of description note | Description based on print version record; resource not viewed. |
| 650 #0 - SUBJECT ADDED ENTRY--TOPICAL TERM | |
| Topical term or geographic name entry element | Aesthetics, Indic. |
| 9 (RLIN) | 1131850 |
| 650 #0 - SUBJECT ADDED ENTRY--TOPICAL TERM | |
| Topical term or geographic name entry element | Art, Indic |
| General subdivision | Philosophy. |
| 9 (RLIN) | 1131851 |
| 650 #7 - SUBJECT ADDED ENTRY--TOPICAL TERM | |
| Topical term or geographic name entry element | PHILOSOPHY / General. |
| Source of heading or term | bisacsh |
| 9 (RLIN) | 1131852 |
| 650 #7 - SUBJECT ADDED ENTRY--TOPICAL TERM | |
| Topical term or geographic name entry element | PHILOSOPHY / Aesthetics. |
| Source of heading or term | bisacsh |
| 9 (RLIN) | 1131853 |
| 700 1# - ADDED ENTRY--PERSONAL NAME | |
| Personal name | Chakrabarti, Arindam, |
| Relator term | editor. |
| 9 (RLIN) | 1131854 |
| 942 ## - ADDED ENTRY ELEMENTS (KOHA) | |
| Source of classification or shelving scheme | Colon Classification (CC) |
| Koha item type | Textual |
| Suppress in OPAC | No |
| Withdrawn status | Lost status | Source of classification or shelving scheme | Damaged status | Not for loan | Home library | Current library | Date acquired | Total Checkouts | Date last seen | Price effective from | Koha item type |
|---|---|---|---|---|---|---|---|---|---|---|---|
| Colon Classification (CC) | Department of History Library | Department of History Library | 2026-03-12 | 2026-03-12 | 2026-03-12 | Textual |
